000 00291nam a22001097a 4500
003 Biblioteca Akishino
005 20260506121502.0
008 s ag ||||| |||| 00| 0 spa d
040 _aBiblioteca Su Alteza Imperial Príncipe Akishino
_eAACR2
245 _aNo catalogado
942 _2z
_cGRAL
999 _c904
_d904